Statystyki dla Kolory po niemiecku

Kliknij tutaj aby rozwiązać quiz!

Ogólne statystyki

  • Ten quiz został rozwiązany 982 razy
  • Średni wynik to 8 z 11

Statystyki odpowiedzi

PolskiNiemiecki% Poprawnych
czerwonyrot
91%
niebieskiblau
89%
pomarańczowyorange
85%
zielonygrün
83%
czarnyschwarz
78%
żółtygelb
74%
brązowybraun
66%
szarygrau
65%
różowyrosa
58%
fioletowyviolett
55%
białyweiss
54%

Rozkład punktacji

Percentyl według liczby udzielonych odpowiedzi

Procent ludzi z każdym wynikiem

Twoja historia wyników

Nie rozwiązałeś tego quizu